01495nam a2200349 a 4500001001000000003000500010005001700015008004100032010001100073011001100084040000900095090001000104100004600114245013500160260004100295500006000336502008200396590004100478590004000519590004000559590004000599650003600639650004600675650003600721856007000757901000700827942001000834942000600844999001900850952014000869952013601009000112474CHAP20220329144308.0160415s2016 mx a fsm |||||||spa d a108935 a109907 cCHAP aTesis1 aMonroy Hernández, José Manuel913077510aCaracterización morfométrica de la subcuenca del río Moctezuma, Sonora/h[En línea]cpor José Manuel Monroy Hernández. aChapingo, Méx. :bEl autor,c2016. aPara ver el contenido del material haga clic en la liga aTesis (Ing. en Recursos Naturales Renovables) -- UACH. Departamento de Suelos aE11695DGDb10c20160427lUCH01h1105 aE6096MTMb05c20160415lUCH01h1452 aE6096MTMb05c20160415lUCH01h1455 aE6096MTMb05c20160418lUCH01h111214aCuencasxDegradación.913078714aCuencasxEstudios hidrológicos.913078614aCuencasxMorfometría.9130785 aFinding aiduhttp://10.13.5.2/tesis/sist112474.pdfzTeclea aquí aBK cTESIS n0 c108935d108935 00102local4053708TESISaBCbBCcPA_TESISd2016-04-18fTESISl0oTesisp33724002521066r2019-12-31 00:00:00tc.2w2019-12-31yTESIS 00104054718TESISaBCbBCd2016-04-18fTESISl0oTesisp33724002521108r2019-12-31 00:00:00w2019-12-31yTESISzRecien adquirido